[Event "MCR druzstev mladsich zaku 2016"]
[Site "Hradec Kralove"]
[Date "2016.06.12"]
[Round "1.10"]
[White "Janous (SK 64 Plzen), Marek"]
[Black "Odstrcil (BSS F-M \"B\"), Lukas"]
[Result "0-1"]
[BlackElo "1520"]
[WhiteElo "1334"]
[LiveChessVersion "1.4.8"]

1. e4 {[%clk 0:25:19]} e6 {[%clk 0:25:19]} 2. Nf3 {[%clk 0:25:27]} d5
{[%clk 0:25:27]} 3. exd5 {[%clk 0:25:28]} exd5 {[%clk 0:25:25]} 4. Bd3
{[%clk 0:25:31]} Nf6 {[%clk 0:25:38]} 5. O-O {[%clk 0:25:34]} Be7
{[%clk 0:25:32]} 6. Re1 {[%clk 0:25:36]} O-O {[%clk 0:25:31]} 7. Qe2
{[%clk 0:25:22]} Re8 {[%clk 0:25:21]} 8. Qd1 {[%clk 0:24:34]} Bg4
{[%clk 0:25:07]} 9. h3 Bh5 {[%clk 0:25:00]} 10. Bf5 {[%clk 0:23:51]} Nc6
{[%clk 0:24:16]} 11. d4 {[%clk 0:23:37]} Bxf3 {[%clk 0:24:00]} 12. Qxf3
{[%clk 0:23:12]} Nxd4 {[%clk 0:24:04]} 13. Qd3 {[%clk 0:23:10]} Nxf5
{[%clk 0:23:50]} 14. Qxf5 {[%clk 0:23:12]} Qd7 {[%clk 0:23:23]} 15. Qxd7
{[%clk 0:23:08]} Nxd7 {[%clk 0:23:31]} 16. Bf4 {[%clk 0:22:44]} Bf6
{[%clk 0:22:24]} 17. Rxe8+ {[%clk 0:22:34]} Rxe8 {[%clk 0:22:31]} 18. Nc3
{[%clk 0:22:15]} Bxc3 {[%clk 0:22:01]} 19. bxc3 {[%clk 0:22:23]} c6
{[%clk 0:21:24]} 20. Be3 {[%clk 0:21:30]} a6 {[%clk 0:21:03]} 21. Rd1
{[%clk 0:20:33]} Ne5 {[%clk 0:20:37]} 22. Re1 {[%clk 0:19:46]} Nc4
{[%clk 0:20:10]} 23. Kh2 {[%clk 0:18:46]} Na3 {[%clk 0:19:29]} 24. Rc1
{[%clk 0:18:10]} Nb5 {[%clk 0:18:17]} 25. Bd4 {[%clk 0:17:08]} Nxd4
{[%clk 0:17:05]} 26. cxd4 {[%clk 0:17:11]} Re2 {[%clk 0:16:34]} 27. c4
{[%clk 0:17:00]} dxc4 {[%clk 0:14:26]} 28. Rxc4 {[%clk 0:17:07]} g6
{[%clk 0:14:08]} 29. f3 {[%clk 0:16:13]} Rxa2 {[%clk 0:13:46]} 30. Rc1
{[%clk 0:15:57]} Ra4 {[%clk 0:13:42]} 31. Rd1 {[%clk 0:15:52]} b5
{[%clk 0:13:10]} 32. Kg1 {[%clk 0:15:47]} b4 {[%clk 0:12:58]} 33. Rb1
{[%clk 0:15:50]} a5 {[%clk 0:12:34]} 34. Kf2 {[%clk 0:15:50]} Ra3
{[%clk 0:12:19]} 35. Ke2 {[%clk 0:15:43]} Kf8 {[%clk 0:11:31]} 36. Kd2
{[%clk 0:15:38]} Ke7 {[%clk 0:11:21]} 37. Kc2 {[%clk 0:15:01]} Rc3+
{[%clk 0:11:02]} 38. Kb2 {[%clk 0:15:00]} a4 {[%clk 0:11:05]} 39. h4
{[%clk 0:14:41]} Rb3+ {[%clk 0:11:06]} 40. Kc2 {[%clk 0:14:47]} Rxb1
{[%clk 0:11:15]} 41. Kxb1 {[%clk 0:14:56]} Kd6 {[%clk 0:11:22]} 42. Kb2
{[%clk 0:14:56]} Kd5 {[%clk 0:11:29]} 43. g4 {[%clk 0:14:58]} Kc4
{[%clk 0:11:32]} 44. f4 {[%clk 0:14:59]} a3+ {[%clk 0:11:28]} 45. Kc2
{[%clk 0:14:58]} b3+ {[%clk 0:11:36]} 46. Kc1 {[%clk 0:14:55]} Kc3
{[%clk 0:11:44]} 47. Kb1 {[%clk 0:15:02]} b2 {[%clk 0:11:46]} 48. h5
{[%clk 0:14:56]} Kb3 {[%clk 0:11:49]} 49. hxg6 {[%clk 0:14:14]} a2# 0-1

[Event "MCR druzstev mladsich zaku 2016"]
[Site "Hradec Kralove"]
[Date "2016.06.12"]
[Round "1.11"]
[White "Dudova (BSS F-M \"B\"), Pavlina"]
[Black "Stastny (SK 64 Plzen), Jiri"]
[Result "1-0"]
[BlackElo "1116"]
[WhiteElo "1472"]
[LiveChessVersion "1.4.8"]

1. e4 {[%clk 0:25:18]} e5 {[%clk 0:25:11]} 2. Nf3 {[%clk 0:25:24]} Nc6
{[%clk 0:25:03]} 3. d4 {[%clk 0:25:31]} Bd6 {[%clk 0:24:50]} 4. dxe5
{[%clk 0:25:15]} Nxe5 {[%clk 0:24:50]} 5. Nc3 {[%clk 0:24:47]} Nf6
{[%clk 0:24:02]} 6. Bf4 {[%clk 0:23:37]} Nxf3+ {[%clk 0:23:53]} 7. Qxf3
{[%clk 0:23:30]} Qe7 {[%clk 0:23:09]} 8. Bxd6 {[%clk 0:21:32]} Qxd6
{[%clk 0:23:03]} 9. Bd3 {[%clk 0:19:31]} Qe5 {[%clk 0:22:08]} 10. O-O-O
{[%clk 0:16:32]} O-O {[%clk 0:21:21]} 11. h4 {[%clk 0:14:08]} d6 {[%clk 0:21:09]}
12. Rdg1 {[%clk 0:12:58]} Bg4 {[%clk 0:20:04]} 13. Qe3 {[%clk 0:12:18]} c5
{[%clk 0:19:59]} 14. f3 {[%clk 0:12:02]} Be6 {[%clk 0:19:39]} 15. g4
{[%clk 0:11:25]} d5 {[%clk 0:19:28]} 16. Qxc5 {[%clk 0:09:58]} Qf4+
{[%clk 0:18:58]} 17. Kb1 {[%clk 0:09:32]} Qxf3 {[%clk 0:18:09]} 18. Be2
{[%clk 0:07:52]} Nxe4 {[%clk 0:17:55]} 19. Bxf3 {[%clk 0:07:30]} Nxc5
{[%clk 0:17:56]} 20. Bxd5 {[%clk 0:07:23]} Bxd5 {[%clk 0:18:04]} 21. Nxd5
{[%clk 0:07:31]} Rfd8 {[%clk 0:17:24]} 22. Nc3 {[%clk 0:06:47]} f6
{[%clk 0:16:59]} 23. Re1 {[%clk 0:05:49]} Rd4 {[%clk 0:17:00]} 24. g5
{[%clk 0:05:13]} fxg5 {[%clk 0:16:53]} 25. hxg5 {[%clk 0:05:16]} Rg4
{[%clk 0:17:02]} 26. Re5 {[%clk 0:05:10]} Nd7 {[%clk 0:16:54]} 27. Rd5
{[%clk 0:04:36]} Nb6 {[%clk 0:17:00]} 28. Rc5 {[%clk 0:03:29]} Re8
{[%clk 0:16:56]} 29. Rc7 {[%clk 0:03:00]} Rh4 {[%clk 0:16:56]} 30. Rd1
{[%clk 0:02:29]} Rg4 {[%clk 0:15:55]} 31. Rxb7 {[%clk 0:02:36]} Rxg5
{[%clk 0:16:04]} 32. Rxa7 {[%clk 0:02:42]} h5 {[%clk 0:16:07]} 33. Rb7 Nc4
{[%clk 0:15:49]} 34. b3 {[%clk 0:02:39]} Na3+ {[%clk 0:15:51]} 35. Kb2
{[%clk 0:02:48]} Rg3 {[%clk 0:15:44]} 36. Nd5 {[%clk 0:02:36]} Rd8
{[%clk 0:15:50]} 37. Kxa3 {[%clk 0:02:32]} Kh7 {[%clk 0:15:44]} 38. Nf6+
{[%clk 0:02:33]} Kh6 {[%clk 0:15:44]} 39. Rxd8 {[%clk 0:04:40]} gxf6
{[%clk 0:15:52]} 40. Rh8+ {[%clk 0:04:42]} Kg5 {[%clk 0:16:01]} 41. Rg7+
{[%clk 0:04:46]} Kh4 {[%clk 0:16:04]} 42. Rxg3 {[%clk 0:04:54]} Kxg3
{[%clk 0:16:13]} 43. Rxh5 {[%clk 0:05:02]} f5 {[%clk 0:16:23]} 44. Rxf5
{[%clk 0:05:10]} 1-0

[Event "MCR druzstev mladsich zaku 2016"]
[Site "Hradec Kralove"]
[Date "2016.06.12"]
[Round "1.13"]
[White "Jelinek (SK Revnice), Oliver"]
[Black "Vojta (Polabiny A), Jakub"]
[Result "0-1"]
[BlackElo "1967"]
[WhiteElo "1561"]
[LiveChessVersion "1.4.8"]

1. d4 {[%clk 0:25:15]} d5 {[%clk 0:25:17]} 2. Nf3 {[%clk 0:25:22]} Nc6
{[%clk 0:25:08]} 3. e3 {[%clk 0:25:28]} Bg4 {[%clk 0:25:08]} 4. c4
{[%clk 0:25:28]} e6 {[%clk 0:25:02]} 5. Nc3 {[%clk 0:25:34]} Nf6 {[%clk 0:24:56]}
6. Bd3 {[%clk 0:25:38]} Bb4 {[%clk 0:24:37]} 7. Bd2 {[%clk 0:25:42]} O-O
{[%clk 0:24:20]} 8. O-O Qd7 {[%clk 0:23:46]} 9. b3 {[%clk 0:23:48]} Rad8
{[%clk 0:23:14]} 10. h3 {[%clk 0:20:08]} Bh5 {[%clk 0:22:53]} 11. Qe2
{[%clk 0:16:07]} Bxc3 {[%clk 0:22:21]} 12. Bxc3 {[%clk 0:15:59]} Ne4
{[%clk 0:22:18]} 13. Bb2 {[%clk 0:13:51]} Ng5 {[%clk 0:20:39]} 14. Rfc1
{[%clk 0:06:26]} Bxf3 {[%clk 0:20:24]} 15. gxf3 {[%clk 0:06:15]} Nb4
{[%clk 0:18:22]} 16. f4 {[%clk 0:03:07]} Nxd3 {[%clk 0:18:00]} 17. Qxd3
{[%clk 0:03:04]} Nxh3+ {[%clk 0:16:16]} 18. Kg2 {[%clk 0:02:57]} e5
{[%clk 0:16:25]} 19. Qe2 {[%clk 0:02:19]} exf4 {[%clk 0:14:07]} 20. Qf3
{[%clk 0:00:55]} Ng5 {[%clk 0:13:54]} 0-1

[Event "MCR druzstev mladsich zaku 2016"]
[Site "Hradec Kralove"]
[Date "2016.06.12"]
[Round "1.14"]
[White "Jirousek (Polabiny A), Jan"]
[Black "Kolomaznik (SK Revnice), Jiri"]
[Result "1-0"]
[BlackElo "1313"]
[WhiteElo "1633"]
[LiveChessVersion "1.4.8"]

1. d4 {[%clk 0:25:17]} d5 {[%clk 0:25:19]} 2. c4 {[%clk 0:25:26]} Nf6
{[%clk 0:24:51]} 3. cxd5 {[%clk 0:25:34]} Qxd5 {[%clk 0:24:52]} 4. Nc3
{[%clk 0:25:42]} Qd8 {[%clk 0:24:56]} 5. Bg5 {[%clk 0:25:22]} Bf5
{[%clk 0:23:27]} 6. e3 {[%clk 0:25:04]} h6 {[%clk 0:23:11]} 7. Bh4
{[%clk 0:24:48]} g5 {[%clk 0:21:22]} 8. Bg3 {[%clk 0:24:55]} e6 {[%clk 0:20:16]}
9. Bd3 {[%clk 0:24:44]} Bxd3 {[%clk 0:20:10]} 10. Qxd3 {[%clk 0:24:51]} Nc6
{[%clk 0:19:50]} 11. a3 {[%clk 0:24:09]} Qd7 {[%clk 0:18:44]} 12. Nf3
{[%clk 0:23:55]} O-O-O {[%clk 0:16:19]} 13. Ne5 {[%clk 0:23:24]} Nxe5
{[%clk 0:16:07]} 14. Bxe5 {[%clk 0:23:31]} Qe7 {[%clk 0:15:29]} 15. Ne4
{[%clk 0:21:51]} Bg7 {[%clk 0:14:43]} 16. Rc1 {[%clk 0:21:18]} Rd7
{[%clk 0:13:07]} 17. O-O {[%clk 0:17:45]} Rg8 {[%clk 0:12:20]} 18. Bxf6
{[%clk 0:17:26]} Bxf6 {[%clk 0:12:14]} 19. Nc5 {[%clk 0:16:41]} Rd6
{[%clk 0:11:20]} 20. Qe4 {[%clk 0:16:18]} Rd5 {[%clk 0:10:27]} 21. Qc2
{[%clk 0:14:46]} c6 {[%clk 0:09:22]} 22. b4 {[%clk 0:10:49]} g4 {[%clk 0:07:44]}
23. g3 {[%clk 0:10:19]} h5 {[%clk 0:07:51]} 24. b5 {[%clk 0:10:10]} h4
{[%clk 0:07:49]} 25. bxc6 {[%clk 0:10:01]} bxc6 {[%clk 0:07:48]} 26. Ne4
{[%clk 0:08:55]} Kd8 {[%clk 0:06:21]} 27. Qxc6 1-0

[Event "MCR druzstev mladsich zaku 2016"]
[Site "Hradec Kralove"]
[Date "2016.06.12"]
[Round "1.15"]
[White "Sinagl (SK Revnice), Matej"]
[Black "Ret (Polabiny A), Adam Josef"]
[Result "0-1"]
[BlackElo "1460"]
[WhiteElo "1320"]
[LiveChessVersion "1.4.8"]

1. e4 e6 2. Nf3 d5 3. Qe2 dxe4 4. Qxe4 Nf6 5. Qe2 Bd6 6. Nc3 Bd7 7. d3 a6 8. Bg5
h6 9. Bxf6 Qxf6 10. Rb1 Nc6 11. Ne4 Qe7 12. Qe3 e5 13. Be2 b6 14. O-O O-O 15. c3
Rab8 16. Rbd1 Rfe8 17. d4 exd4 18. Nxd4 Nxd4 19. Rxd4 Be5 20. Rc4 Bb5 21. Rb4
Bxe2 22. Qxe2 c5 23. Rc4 Bd6 24. Re1 b5 25. Nf6+ Qxf6 26. Re4 Rxe4 27. Qxe4 Qf4
28. Qxf4 Bxf4 29. g3 Bg5 30. Re5 c4 31. Rc5 Rb6 32. Rc8+ Kh7 33. Rc7 Kg6 34. b3
cxb3 35. axb3 Rd6 36. Rb7 Rc6 37. Rxb5 axb5 0-1

[Event "MCR druzstev mladsich zaku 2016"]
[Site "Hradec Kralove"]
[Date "2016.06.12"]
[Round "1.16"]
[White "Pulpan (Polabiny A), Ondrej"]
[Black "Tutr (SK Revnice), Tomas"]
[Result "1-0"]
[BlackElo "1322"]
[WhiteElo "1479"]
[LiveChessVersion "1.4.8"]

1. e4 {[%clk 0:25:16]} e5 {[%clk 0:25:19]} 2. Nf3 {[%clk 0:25:23]} Nc6
{[%clk 0:25:27]} 3. d4 {[%clk 0:25:31]} exd4 {[%clk 0:25:34]} 4. Nxd4 Nxd4
{[%clk 0:25:22]} 5. Qxd4 {[%clk 0:25:42]} Nf6 {[%clk 0:25:22]} 6. Bg5
{[%clk 0:25:03]} Be7 {[%clk 0:25:23]} 7. e5 {[%clk 0:24:41]} Nh5 {[%clk 0:24:15]}
8. Bxe7 {[%clk 0:24:32]} Qxe7 {[%clk 0:24:22]} 9. Be2 {[%clk 0:24:36]} Qg5
{[%clk 0:23:42]} 10. Bxh5 {[%clk 0:22:32]} Qxh5 {[%clk 0:23:33]} 11. O-O
{[%clk 0:22:29]} b6 {[%clk 0:22:28]} 12. Nc3 {[%clk 0:21:38]} Bb7
{[%clk 0:21:58]} 13. Rad1 {[%clk 0:19:40]} Bc6 {[%clk 0:21:42]} 14. Nd5
{[%clk 0:18:32]} Bxd5 {[%clk 0:21:23]} 15. Qxd5 {[%clk 0:18:36]} O-O
{[%clk 0:21:05]} 16. Qxd7 {[%clk 0:17:51]} Qxe5 {[%clk 0:20:53]} 17. c3
{[%clk 0:16:48]} c5 {[%clk 0:20:09]} 18. Rfe1 {[%clk 0:16:06]} Qg5
{[%clk 0:19:52]} 19. h3 {[%clk 0:13:39]} Rfd8 {[%clk 0:19:28]} 20. Qa4
{[%clk 0:12:42]} Rxd1 {[%clk 0:19:30]} 21. Rxd1 {[%clk 0:11:53]} h6
{[%clk 0:19:22]} 22. Qe4 {[%clk 0:11:06]} Rd8 {[%clk 0:18:42]} 23. Rxd8+
{[%clk 0:10:43]} Qxd8 {[%clk 0:18:47]} 24. Qe2 {[%clk 0:08:44]} Qg5
{[%clk 0:17:30]} 25. Qe8+ {[%clk 0:08:48]} Kh7 {[%clk 0:16:29]} 26. Qe4+
{[%clk 0:08:46]} Qg6 {[%clk 0:16:22]} 27. Qe1 {[%clk 0:07:03]} Qc2
{[%clk 0:16:26]} 28. Qa1 {[%clk 0:06:14]} a5 {[%clk 0:16:05]} 29. a3
{[%clk 0:05:51]} b5 {[%clk 0:16:04]} 30. Qa2 {[%clk 0:05:24]} b4 {[%clk 0:15:16]}
31. axb4 {[%clk 0:04:35]} axb4 {[%clk 0:15:21]} 32. cxb4 {[%clk 0:04:21]} cxb4
{[%clk 0:15:26]} 33. Qa1 {[%clk 0:03:15]} b3 {[%clk 0:15:29]} 34. Qa3
{[%clk 0:03:09]} Kg6 {[%clk 0:15:24]} 35. Qd6+ {[%clk 0:02:57]} f6
{[%clk 0:15:25]} 36. Qd4 {[%clk 0:02:42]} Qe2 {[%clk 0:14:16]} 37. Qc3
{[%clk 0:01:44]} Qd1+ {[%clk 0:14:00]} 38. Kh2 {[%clk 0:01:35]} Qc2
{[%clk 0:14:04]} 39. Qd4 {[%clk 0:00:53]} f5 {[%clk 0:13:11]} 40. Qd6+
{[%clk 0:00:21]} Kg5 {[%clk 0:13:06]} 41. Qd4 {[%clk 0:00:25]} g6
{[%clk 0:12:45]} 42. Qd8+ Kh4 1-0

[Event "MCR druzstev mladsich zaku 2016"]
[Site "Hradec Kralove"]
[Date "2016.06.12"]
[Round "1.17"]
[White "Karpecki (SK Revnice), Jiri"]
[Black "Brozka (Polabiny A), Karel"]
[Result "0-1"]
[BlackElo "1485"]
[WhiteElo "1137"]
[LiveChessVersion "1.4.8"]

1. e4 {[%clk 0:25:10]} e6 2. Nc3 d5 3. f3 dxe4 4. Nxe4 Be7 5. d4 Nf6 6. Qd3 Nc6
7. Bg5 O-O 8. Bh4 Re8 9. Ng5 Qxd4 10. O-O-O Qxh4 11. Ne4 Nxe4 12. Qxe4 Qxe4 13.
fxe4 a6 14. h4 e5 15. Nf3 Be6 16. b3 Rad8 17. Bc4 Bxc4 18. bxc4 Rd6 19. Rxd6 Bxd6
20. Ng5 f6 21. Nf3 Rd8 22. Kb1 Bc5 23. h5 Nd4 24. Nxd4 Bxd4 25. Rd1 c6 26. c3 Bb6
27. Rc1 Rd2 28. Ka1 Ba5 29. a3 Kf7 30. c5 Ke7 31. c4 Rxg2 32. Kb1 Re2 33. Ka1
Rxe4 34. Kb2 Re2+ 35. Kb3 f5 36. Rf1 Kf6 37. Ka4 Bc7 38. Rb1 f4 39. Rxb7 f3 40.
Rxc7 f2 41. Rxc6+ Kf5 42. Rc7 Ke6 43. c6 f1=Q 44. Rb7 Qd1+ 45. Ka5 Qd8+ 46. Ka4
Re4 47. Kb4 Qd2+ 48. Kc5 Qa5+ 49. Rb5 axb5 50. cxb5 Qc7 51. b6 Rc4+ 52. Kxc4
Qxc6+ 53. Kb4 Qxb6+ 54. Ka4 Qb8 55. h6 g6 56. Ka5 Kd6 57. a4 Kc6 0-1

[Event "MCR druzstev mladsich zaku 2016"]
[Site "Hradec Kralove"]
[Date "2016.06.12"]
[Round "1.18"]
[White "Sulcova (Polabiny A), Tereza"]
[Black "Karpecka (SK Revnice), Marie"]
[Result "1-0"]
[BlackElo "1038"]
[WhiteElo "1178"]
[LiveChessVersion "1.4.8"]

1. e4 {[%clk 0:25:17]} e5 {[%clk 0:25:18]} 2. Nc3 {[%clk 0:25:22]} Nc6
{[%clk 0:25:23]} 3. Bc4 {[%clk 0:25:07]} Nf6 4. d3 h6 {[%clk 0:24:35]} 5. f4
{[%clk 0:24:57]} Bc5 6. fxe5 Nxe5 7. Bb3 Neg4 8. d4 Bb4 9. h3 Bxc3+
{[%clk 0:21:00]} 10. bxc3 {[%clk 0:24:54]} d5 {[%clk 0:20:26]} 11. hxg4
{[%clk 0:24:54]} Bxg4 {[%clk 0:20:27]} 12. Nf3 {[%clk 0:24:52]} dxe4
{[%clk 0:20:26]} 13. Qe2 {[%clk 0:24:48]} Qe7 {[%clk 0:19:18]} 14. Bb2
{[%clk 0:24:35]} e3 {[%clk 0:18:54]} 15. O-O-O {[%clk 0:23:33]} Rd8
{[%clk 0:18:32]} 16. Rd3 {[%clk 0:22:04]} Bxf3 {[%clk 0:18:06]} 17. Qxf3
{[%clk 0:22:05]} O-O 18. Rxe3 Qd6 19. g4 c5 {[%clk 0:14:34]} 20. Rd3
{[%clk 0:20:47]} cxd4 21. Rxd4 Qc5 {[%clk 0:11:52]} 22. Rxd8 {[%clk 0:19:45]}
Rxd8 {[%clk 0:11:23]} 23. Kb1 {[%clk 0:19:16]} Qg5 {[%clk 0:10:23]} 24. Rg1
{[%clk 0:17:36]} Qc5 {[%clk 0:09:51]} 25. Rf1 {[%clk 0:16:31]} Qg5
{[%clk 0:08:02]} 26. Rg1 {[%clk 0:16:12]} a5 {[%clk 0:07:04]} 27. Qxb7
{[%clk 0:15:36]} Rf8 {[%clk 0:06:54]} 28. Ba3 {[%clk 0:15:22]} Qe3
{[%clk 0:06:11]} 29. Rc1 {[%clk 0:14:12]} Re8 {[%clk 0:05:26]} 30. Bxf7+
{[%clk 0:13:55]} Kh7 {[%clk 0:05:31]} 31. Bxe8 {[%clk 0:13:52]} Nxe8
{[%clk 0:05:30]} 32. Bb2 {[%clk 0:13:27]} Nd6 33. Qd7 Nc4 {[%clk 0:04:57]} 34.
Qf5+ {[%clk 0:13:09]} Kg8 {[%clk 0:04:54]} 35. Qc8+ {[%clk 0:13:08]} Kh7
{[%clk 0:04:51]} 36. Qxc4 {[%clk 0:13:12]} a4 {[%clk 0:04:55]} 37. Qd3+
{[%clk 0:12:56]} Qxd3 {[%clk 0:04:53]} 38. cxd3 {[%clk 0:13:04]} a3
{[%clk 0:04:58]} 39. Bxa3 {[%clk 0:13:10]} g6 {[%clk 0:05:04]} 40. c4
{[%clk 0:13:18]} g5 {[%clk 0:05:11]} 41. d4 {[%clk 0:13:25]} h5 {[%clk 0:05:19]}
42. c5 {[%clk 0:13:31]} hxg4 {[%clk 0:05:26]} 43. d5 {[%clk 0:13:39]} g3
{[%clk 0:05:31]} 44. d6 {[%clk 0:13:48]} g2 {[%clk 0:05:39]} 45. c6
{[%clk 0:13:54]} g1=Q 46. Rxg1 {[%clk 0:13:54]} Kg7 {[%clk 0:05:50]} 47. d7
{[%clk 0:14:00]} g4 {[%clk 0:05:57]} 48. c7 {[%clk 0:14:06]} g3 {[%clk 0:06:05]}
49. Rxg3+ {[%clk 0:14:02]} Kf7 {[%clk 0:06:12]} 50. d8=Q {[%clk 0:14:03]} Ke6
{[%clk 0:06:17]} 51. Re3+ {[%clk 0:14:09]} Kf5 {[%clk 0:06:21]} 52. Qf8+
{[%clk 0:14:12]} Kg4 {[%clk 0:06:25]} 53. Bd6 {[%clk 0:14:09]} Kg5
{[%clk 0:06:12]} 54. Rg3+ {[%clk 0:14:17]} Kh4 {[%clk 0:06:12]} 55. Qh6# 1-0

[Event "MCR druzstev mladsich zaku 2016"]
[Site "Hradec Kralove"]
[Date "2016.06.12"]
[Round "2.1"]
[White "Krejcok (BSS F-M \"A\"), Tobias"]
[Black "Hofman (Novy Bor), Krystof"]
[Result "0-1"]
[BlackElo "1732"]
[WhiteElo "1794"]
[LiveChessVersion "1.4.8"]

1. e4 {[%clk 0:25:18]} c5 {[%clk 0:25:08]} 2. Nf3 {[%clk 0:25:23]} d6
{[%clk 0:25:12]} 3. d4 {[%clk 0:25:30]} cxd4 {[%clk 0:25:18]} 4. Nxd4
{[%clk 0:25:36]} Nf6 {[%clk 0:25:20]} 5. Nc3 {[%clk 0:25:27]} a6 {[%clk 0:25:17]}
6. Be2 {[%clk 0:25:08]} e6 {[%clk 0:25:15]} 7. Be3 {[%clk 0:24:37]} Be7
{[%clk 0:25:10]} 8. O-O {[%clk 0:24:22]} O-O {[%clk 0:25:05]} 9. Nb3
{[%clk 0:23:08]} Qc7 {[%clk 0:24:39]} 10. Qd2 {[%clk 0:20:57]} Nbd7
{[%clk 0:24:17]} 11. Rad1 {[%clk 0:20:58]} b5 {[%clk 0:23:21]} 12. a3
{[%clk 0:19:22]} Bb7 {[%clk 0:22:28]} 13. Bg5 {[%clk 0:17:27]} Bxe4
{[%clk 0:21:15]} 14. Rfe1 {[%clk 0:14:31]} Bb7 {[%clk 0:19:35]} 15. Nd4
{[%clk 0:13:00]} Rfc8 {[%clk 0:18:23]} 16. Qe3 {[%clk 0:11:01]} Nc5
{[%clk 0:12:18]} 17. f3 {[%clk 0:07:08]} Nd5 {[%clk 0:11:03]} 18. Nxd5
{[%clk 0:07:01]} Bxd5 {[%clk 0:10:37]} 19. Bxe7 {[%clk 0:07:00]} Qxe7
{[%clk 0:10:30]} 20. Nxb5 {[%clk 0:07:00]} axb5 {[%clk 0:09:03]} 21. Rxd5
{[%clk 0:07:06]} Qd7 {[%clk 0:08:27]} 22. Rd2 {[%clk 0:06:13]} d5
{[%clk 0:07:25]} 23. f4 {[%clk 0:04:26]} Qc6 {[%clk 0:06:32]} 24. Bf3
{[%clk 0:03:38]} Na4 {[%clk 0:04:57]} 25. c3 {[%clk 0:03:38]} Nb6
{[%clk 0:04:06]} 26. Rd4 {[%clk 0:02:21]} Nc4 {[%clk 0:02:44]} 27. Qe2
{[%clk 0:02:23]} Qb6 {[%clk 0:02:05]} 28. Kh1 {[%clk 0:02:21]} Nd6
{[%clk 0:01:03]} 29. g4 {[%clk 0:02:02]} Rc4 {[%clk 0:00:51]} 30. Red1
{[%clk 0:01:39]} Re8 {[%clk 0:00:28]} 31. Qc2 {[%clk 0:00:58]} b4
{[%clk 0:00:25]} 32. axb4 {[%clk 0:00:50]} Qxb4 {[%clk 0:00:20]} 33. Qe2
{[%clk 0:00:18]} Qb5 {[%clk 0:00:23]} 34. Qd2 {[%clk 0:00:00]} 0-1

[Event "MCR druzstev mladsich zaku 2016"]
[Site "Hradec Kralove"]
[Date "2016.06.12"]
[Round "2.2"]
[White "Hurtik (Novy Bor), Matej"]
[Black "Mica (BSS F-M \"A\"), Marek"]
[Result "0-1"]
[BlackElo "1859"]
[WhiteElo "1531"]
[LiveChessVersion "1.4.8"]

1. e4 {[%clk 0:25:18]} c5 {[%clk 0:25:18]} 2. Nf3 {[%clk 0:25:21]} Nc6
{[%clk 0:25:27]} 3. c3 {[%clk 0:25:28]} g6 {[%clk 0:25:30]} 4. Bc4
{[%clk 0:25:11]} d6 {[%clk 0:25:19]} 5. d4 {[%clk 0:25:15]} cxd4 {[%clk 0:25:23]}
6. cxd4 {[%clk 0:25:22]} Bg7 {[%clk 0:25:32]} 7. O-O {[%clk 0:25:28]} Nf6
{[%clk 0:25:31]} 8. Nc3 {[%clk 0:25:32]} O-O {[%clk 0:25:36]} 9. h3
{[%clk 0:24:34]} a6 {[%clk 0:25:38]} 10. Be3 {[%clk 0:24:21]} b5 {[%clk 0:25:39]}
11. Be2 {[%clk 0:22:48]} Bb7 {[%clk 0:25:39]} 12. Qd2 {[%clk 0:21:43]} b4
{[%clk 0:25:17]} 13. Na4 {[%clk 0:16:45]} Nxe4 {[%clk 0:24:53]} 14. Qc2
{[%clk 0:16:09]} Nf6 {[%clk 0:24:53]} 15. a3 {[%clk 0:15:51]} bxa3
{[%clk 0:24:37]} 16. bxa3 {[%clk 0:15:44]} Rc8 {[%clk 0:24:08]} 17. Qb2
{[%clk 0:15:04]} Rb8 {[%clk 0:22:44]} 18. Nc3 {[%clk 0:14:15]} Bc8
{[%clk 0:21:57]} 19. Qd2 {[%clk 0:14:15]} a5 {[%clk 0:17:31]} 20. Rac1
{[%clk 0:12:57]} Bd7 {[%clk 0:17:23]} 21. Rfd1 {[%clk 0:12:22]} d5
{[%clk 0:15:28]} 22. Bf4 {[%clk 0:09:58]} Rb3 {[%clk 0:14:40]} 23. Ne5
{[%clk 0:09:10]} Na7 {[%clk 0:05:46]} 24. Bf3 {[%clk 0:06:42]} e6
{[%clk 0:05:37]} 25. Nxd7 {[%clk 0:05:33]} Qxd7 {[%clk 0:05:29]} 26. Ne2
{[%clk 0:05:21]} Nb5 {[%clk 0:03:25]} 27. a4 {[%clk 0:04:24]} Nd6
{[%clk 0:02:40]} 28. Qxa5 {[%clk 0:04:07]} Nc4 {[%clk 0:02:48]} 29. Qc7
{[%clk 0:03:29]} Qxa4 {[%clk 0:02:52]} 30. Ra1 {[%clk 0:02:57]} Qb5
{[%clk 0:02:44]} 31. Qc5 {[%clk 0:02:38]} Qd7 {[%clk 0:01:46]} 32. Qc7
{[%clk 0:01:30]} Qxc7 {[%clk 0:01:19]} 33. Bxc7 {[%clk 0:01:37]} Rc8
{[%clk 0:01:19]} 34. Bf4 {[%clk 0:01:38]} h6 {[%clk 0:01:06]} 35. Nc1
{[%clk 0:00:35]} Rb7 {[%clk 0:01:05]} 36. Be2 {[%clk 0:00:42]} g5
{[%clk 0:01:09]} 37. Bg3 {[%clk 0:00:46]} Ne4 {[%clk 0:01:08]} 38. Kh2
{[%clk 0:00:19]} Nxg3 {[%clk 0:01:03]} 39. Kxg3 {[%clk 0:00:27]} Rbc7
{[%clk 0:01:05]} 40. Bf1 0-1